Wszystkie scenariusze w Age of History II - Statystyki

Ogólne statystyki
  • Ten quiz został rozwiązany 2 razy
  • Średni wynik to 4 z 18
Statystyki odpowiedzi
Rok Scenariusza Scenariusz % Poprawnych
5 5
100%
1200 1200
50%
1440 1440
50%
2017 Brazylia
50%
2017 Stany Zjednoczone
50%
2018 Współczesny Świat
50%
1899 Druga Wojna Burska
0%
1836 Era Wiktoriańska
0%
1936 II Wojna Światowa
0%
364 p.n.e Okres Walczących Państw
0%
1467 Sengoku
0%
1 Starożytna Grecja
0%
238 Trzy Królestwa
0%
1932 Wielka Wojna Emu
0%
601 Wojna Bizantyńsko-Sasanidzka
0%
1969 Wojna Piłkarska
0%
1861 Wojna Secesyjna
0%
1792 Wojny Napoelońskie
0%
Nie znaleziono quizów pasujących do podanych kryteriów
Rozkład punktacji
Procent ludzi z każdym wynikiem
Percentyl według liczby udzielonych odpowiedzi
Twoja historia wyników
Nie rozwiązałeś tego quizu